Bilecik Bilecik Bilecik Bilecik Bilecik

Büyük Selçuklu Devletinin idari sosyal ve ekonomik tarihi/ (Record no. 9710)

MARC details
000 -BAŞLIK
Sabit Uzunluktaki Kontrol Alanı 01329nam a22003617a 4500
001 - KONTROL NUMARASI
Control Dosyası 0009738
003 - KONTROL NUMARASI KİMLİĞİ
Kontrol Alanı KOHA_MİRAKIL
005 - EN SON İŞLEM TARİHİ ve ZAMANI
Kontrol Alanı 20260207001719.0
007 - FİZİKSEL TANIM SABİT ALAN - GENEL BİLGİ
Sabit uzunluklu kontrol alanı ta
008 - SABİT UZUNLUKTAKİ VERİ ÖGELERİ - GENEL BİLGİ
Sabit Alan 091023b2007 tu |||gr||||#||||0|tur |
020 ## - ISBN - ULUSLARARASI STANDART KİTAP NUMARASI
Isbn 9789754376302
040 ## - KATALOGLAMA KAYNAĞI
Özgün Kataloglama Kurumu TR-BiSEU
Kataloglama Dili tur
Çeviri Kurumu TR-BiSEU
Açıklama Kuralları rda
041 0# - DİL KODU
Metin ya da ses kaydının dil kodu tur
044 ## - YAYINLAYAN/ÜRETEN KURULUŞUN ÜLKE KODU
ISO country code tu
050 ## - SINIFLAMA ve YER NUMARASI
Sınıflama Numarası DS27
Yer Numarası .K87 2007
100 1# - KİŞİ ADI
Yazar Adı (Kişi adı) Kurpalidis, G. M..
245 1# - ESER ADI BİLDİRİMİ
Başlık Büyük Selçuklu Devletinin idari sosyal ve ekonomik tarihi/
Sorumluluk Bildirimi G. M. Kurpalidis ; G.M. Kurpalidis; çevirenİlyas Kamalov; redaksiyon Sadi S. Kucur.
264 #1 - ÜRERİM, YAYIN, DAĞITIM ve TELİF BİLDİRİMİ
Yayın yeri İstanbul :
Yayınlayan Ötüken Yayınları
Yayın tarihi 2007
300 ## - FİZİKSEL TANIMLAMA
Sayfa, Cilt vb. 192 sayfa
336 ## - İÇERİK TÜRÜ
Content type term metin
Content type code txt
Source rdacontent
337 ## - MEDYA TÜRÜ
Media type term aracısız
Media type code n
Source rdamedia
338 ## - TAŞIYICI TÜRÜ
Carrier type term cilt
Carrier type code nc
Source rdacarrier
490 1# - DİZİ BİLDİRİMİ
Dizi Bildirimi Ötüken ;
Cilt Numarası yayın nu: 684.
490 1# - DİZİ BİLDİRİMİ
Dizi Bildirimi Kültür serisi ;
Cilt Numarası 337.
500 ## - GENEL NOT
Genel Not Translation of: Gosudarstvo Velikikh Seldjukidov -Ofitsialniye dokumenti ob administrativnom upravleniyi'i satsialno- Ekonomiçeskih otnişeniyah.
500 ## - GENEL NOT
Genel Not Kaynakça ve dizin var.
650 #0 - KONU BAŞLIĞI EK GİRİŞ - KONU TERİMİ
Konusal terim veya coğrafi ad Seljuks--History.
9 (RLIN) 16497
650 #0 - KONU BAŞLIĞI EK GİRİŞ - KONU TERİMİ
Konusal terim veya coğrafi ad Seljuks--Politics and government--Sources.
9 (RLIN) 24043
650 #0 - KONU BAŞLIĞI EK GİRİŞ - KONU TERİMİ
Konusal terim veya coğrafi ad Islamic Empire--History 750-1258--Sources.
9 (RLIN) 24044
830 1# - SERİ EK GİRİŞİ - TEKBİÇİM ESER ADI
Tekbiçim Başlık Ötüken ;
Volume number/sequential designation yayın nu: 684.
9 (RLIN) 23324
830 1# - SERİ EK GİRİŞİ - TEKBİÇİM ESER ADI
Tekbiçim Başlık Kültür serisi ;
Volume number/sequential designation 337.
9 (RLIN) 5523
942 ## - EK GİRİŞ ÖGELERİ (KOHA)
Source of classification or shelving scheme Library of Congress Classification
Koha item type Book
Holdings
Materyal Türü Kalıcı Konum Mevcut Konum Raf Yeri Sınıflandırma Kaynağı Edinim Bilgisi Ana Konular Alt Konular Yer Numarası Demirbaş Numarası Fatura Tarihi Maliyet, Alış Fiyatı Maliyet, Yenileme Fiyatı Geri Çekilme Durumu Kayıp Durumu Hasarlı Durumu Kredi için değil Kayıt Tarih Toplam Ödünçverme Son Görülme Tarihi Son Kontrol Tarihi Genel / Bağış Notu
Book Prof. Dr. Azmi Özcan Kütüphanesi Prof. Dr. Azmi Özcan Kütüphanesi Uluğbey Salonu Library of Congress Classification Bağış DÜNYA TARİHİ (AVRUPA, ASYA, AFRİKA VB.) Asya DS27 .K87 2007 0009738 13/08/2010 12.00 12.00         23/10/2009 20 05/12/2024 05/12/2024 Ötüken Yayınevi